000 01052nam a22003497a 4500
001 BR7804852
003 BR-BrBNA
005 20230928085703.0
007 ta
008 230509b bl.||||| |||| 00| 0 por d
040 _aBR-BrBNA
_bpor
_cBiblioteca Nacional de Agricultura
041 _a(Por)
072 _aF01; E70; Q10
_b1060
_b9140
_b/G514
090 _ 1060 BR7804852
110 1 _aFundacao Instituto de Desenvolvimento Economico e Social do Rio de Janeiro, RJ (Brasil)
_94947
245 1 _aLaranja. Analise e perspectivas [Citrus sinensis; Suco; Rio de Janeiro; Brasil]
260 3 _aRio de Janeiro, RJ (Brasil):
_c1978.
300 _a123 p.
650 _aProducao vegetal
650 _aComercializacao
650 _aTecnologia de alimento
650 _aLaranja
650 _aSuco
650 _aProdutividade
650 _aRendimento
650 _aMercado nacional
650 _aMercado internacional
650 _aIndustria alimenticia
650 _aRio de Janeiro
909 _a202309
_bLucia
_c55
_dLucia Elande
942 _cBK
999 _c25780
_d25780